000 01664cam a22003135i 4500
999 _c23045
_d23017
003 EG-ScBUE
005 20200204095033.0
008 161107s2015 mau f d 001 0 eng d
020 _a9781138016460
040 _aEG-ScBUE
_beng
_erda
_cEG-ScBUE
_dEG-ScBUE
082 0 4 _a808.23
_bKIR
_222
100 1 _aKirkpatrick, Scott,
_eauthor.
_931668
245 1 0 _aWriting for the green light :
_bhow to make your script the one Hollywood notices /
_cScott Kirkpatrick.
250 _aFirst edition.
264 1 _aBurlington, MA. ;
_aAbingdon, Oxon :
_bFocal Press / Taylor & Francis Group,
_c2015.
300 _aviii, 191 pages :
_billustrations ;
_c23 cm
336 _atext
_btxt
_2rdacontent
337 _aunmediated
_bn
_2rdamedia
338 _avolume
_bnc
_2rdacarrier
500 _aIndex : p. 185-190.
500 _aIncludes glossary.
520 _aTailor your screenplay to sell. Find out what Hollywood script readers, producers, and studio executives want in a screenplay (and why) from someone who's been there. Discover what it takes to begin a lasting career as a screenwriter. Peppered with interviews from established professionals, Writing for the Green Light: How to Make Your Script the One Hollywood Notices gives you a sharp competitive edge by showcasing dozens of everyday events that go on at the studios but are rarely if ever discussed in most screenwriting books. With his behind-the-scenes perspective, Scott Kirkpatrick shows you.
650 7 _aMotion picture authorship.
_2BUEsh
650 7 _aPlaywriting.
_2BUEsh
_933116
650 7 _aDrama
_xTechnique.
_2BUEsh
_939765
651 _2BUEsh
653 _bCOMAME
_cNovember2016
942 _2ddc
_cBB